[Event "Saint John op-1"]
[Site "Saint John CAN"]
[Date "1988.??.??"]
[Round "?"]
[White "Sherzer, Alex"]
[Black "Karason, Askell"]
[Result "1-0"]
[WhiteElo "2330"]
[BlackElo "2235"]
[PlyCount "100"]
[GameId "2160767912583229"]
[EventDate "1988.01.24"]
[EventType "swiss"]
[EventRounds "9"]
[EventCountry "CAN"]
[SourceTitle "CBM 006"]
[Source "ChessBase"]
[SourceDate "2004.01.01"]
[SourceVersion "1"]
[SourceVersionDate "2004.01.01"]
[SourceQuality "1"]

1. e4 c5 2. Nf3 d6 3. d4 cxd4 4. Nxd4 Nf6 5. Nc3 g6 6. Be3 Bg7 7. f3 O-O 8. Qd2 Nc6 9. Bc4 Bd7 10. h4 Qa5 11. O-O-O Rfc8 12. Bb3 Ne5 13. Kb1 b5 14. Ncxb5 Qxd2 15. Rxd2 Rab8 16. Nc3 a5 17. a4 Nc4 18. Bxc4 Rxc4 19. Ndb5 Bxb5 20. axb5 Nd7 21. Rd3 Bxc3 22. Rxc3 Rxc3 23. bxc3 Rxb5+ 24. Ka2 Ne5 25. Rd1 Nc4 26. Bc1 e5 27. g4 f6 28. h5 Kf7 29. hxg6+ hxg6 30. Ba3 Ke6 31. Rh1 d5 32. exd5+ Rxd5 33. Bc1 Nd2 34. Bxd2 Rxd2 35. Kb3 Rf2 36. Ra1 Rxf3 37. Rxa5 g5 38. Ra6+ Kd5 39. Kb4 Rf4+ 40. Kb5 e4 41. c4+ Kd4 42. c5 Rf2 43. Ra4+ Ke5 44. Rc4 e3 45. c6 e2 46. c7 e1=Q 47. c8=Q Qb1+ 48. Kc5 f5 49. Qd8 Ke6 50. Qd5+ Kf6 1-0

[Event "Saint John op-1"]
[Site "Saint John CAN"]
[Date "1988.??.??"]
[Round "?"]
[White "Sherzer, Alex"]
[Black "Popovic, Petar"]
[Result "1/2-1/2"]
[WhiteElo "2330"]
[BlackElo "2570"]
[PlyCount "95"]
[GameId "2160767912583230"]
[EventDate "1988.01.24"]
[EventType "swiss"]
[EventRounds "9"]
[EventCountry "CAN"]
[SourceTitle "CBM 06"]

1. e4 c5 2. Nf3 d6 3. d4 cxd4 4. Nxd4 Nf6 5. Nc3 Nc6 6. Bc4 e6 7. Be3 a6 8. Qe2 Qc7 9. Bb3 Be7 10. O-O-O Na5 11. g4 b5 12. g5 Nxb3+ 13. axb3 Nd7 14. h4 b4 15. Na4 Nc5 16. h5 Bd7 17. Kb1 Bxa4 18. bxa4 Qb7 19. f3 Nxa4 20. g6 Bf6 21. gxf7+ Qxf7 22. Qc4 O-O 23. Qxe6 Qxe6 24. Nxe6 Nxb2 25. Nxf8 Nxd1 26. Rxd1 Rxf8 27. Rxd6 Be5 28. Rxa6 Rxf3 29. Ra8+ Kf7 30. Ra7+ Ke6 31. Bc5 Rh3 32. h6 Rh1+ 33. Ka2 Rxh6 34. Ra6+ Kf7 35. Rxh6 gxh6 36. Bxb4 h5 37. Be1 Kg6 38. Bh4 Bf6 39. Bg3 h4 40. Bh2 Bd4 41. Kb3 Kf6 42. Kc4 Be5 43. Bg1 h3 44. Kd3 Kg5 45. Ke3 Kg4 46. Kf2 Bg3+ 47. Ke2 Kf4 48. e5 1/2-1/2

[Event "Saint John op-1"]
[Site "Saint John CAN"]
[Date "1988.??.??"]
[Round "?"]
[White "Shirazi, Kamran"]
[Black "Akhsharumova, Anna"]
[Result "1-0"]
[WhiteElo "2455"]
[BlackElo "2385"]
[PlyCount "67"]
[GameId "2160767912583231"]
[EventDate "1988.01.24"]
[EventType "swiss"]
[EventRounds "9"]
[EventCountry "CAN"]
[SourceTitle "CBM 006"]
[Source "ChessBase"]
[SourceDate "2004.01.01"]
[SourceVersion "1"]
[SourceVersionDate "2004.01.01"]
[SourceQuality "1"]

1. e4 e6 2. d4 d5 3. Nc3 Bb4 4. Nge2 dxe4 5. a3 Bxc3+ 6. Nxc3 Nc6 7. d5 exd5 8. Qxd5 Nf6 9. Qxd8+ Nxd8 10. Bg5 O-O 11. Bxf6 gxf6 12. Nxe4 Kg7 13. O-O-O Nc6 14. Bb5 Ne5 15. f4 Ng6 16. Rhf1 f5 17. Nc5 c6 18. Bc4 b6 19. Nd3 Be6 20. Bxe6 fxe6 21. Nb4 c5 22. Nc6 Rf7 23. g3 Re8 24. Rfe1 Kf6 25. Rd6 h5 26. h4 b5 27. Re3 Rb7 28. Rc3 c4 29. a4 a6 30. a5 Ra8 31. Re3 Nf8 32. Re5 Rc7 33. Nd4 Re8 34. Rxa6 1-0

[Event "Saint John op-1"]
[Site "Saint John CAN"]
[Date "1988.??.??"]
[Round "?"]
[White "Shirazi, Kamran"]
[Black "Hernandez, Gabriel"]
[Result "1-0"]
[WhiteElo "2455"]
[BlackElo "2330"]
[PlyCount "67"]
[GameId "2160767912583233"]
[EventDate "1988.01.24"]
[EventType "swiss"]
[EventRounds "9"]
[EventCountry "CAN"]
[SourceTitle "CBM 06"]

1. e4 c5 2. Nf3 Nc6 3. Bb5 d6 4. O-O Bd7 5. d3 e6 6. a4 Nf6 7. Nbd2 Be7 8. Nc4 d5 9. exd5 Nxd5 10. Nfe5 Nxe5 11. Nxe5 Bxb5 12. axb5 O-O 13. c4 Nb4 14. Bd2 Qd6 15. Bc3 Rfd8 16. Qh5 Rf8 17. Qe2 Bf6 18. Rfd1 a5 19. d4 cxd4 20. Bxd4 Qc7 21. Bc3 Rfd8 22. b6 Qc8 23. Rxd8+ Qxd8 24. Rd1 Qe8 25. Bxb4 axb4 26. Nd7 Be7 27. c5 Qc8 28. Qb5 f6 29. f4 Kf7 30. h4 g6 31. Kh2 h5 32. Rd4 b3 33. Rd3 Ra1 34. c6 1-0

[Event "Saint John op-1"]
[Site "Saint John CAN"]
[Date "1988.??.??"]
[Round "?"]
[White "Stone, Raymond"]
[Black "Christiansen, Larry"]
[Result "0-1"]
[WhiteElo "2415"]
[BlackElo "2575"]
[PlyCount "110"]
[GameId "2160767912583236"]
[EventDate "1988.01.24"]
[EventType "swiss"]
[EventRounds "9"]
[EventCountry "CAN"]
[SourceTitle "CBM 006"]
[Source "ChessBase"]
[SourceDate "2004.01.01"]
[SourceVersion "1"]
[SourceVersionDate "2004.01.01"]
[SourceQuality "1"]

1. d4 d6 2. c4 e5 3. Nf3 e4 4. Ng5 f5 5. Nc3 Nc6 6. Nh3 Nf6 7. e3 g6 8. Nf4 Bg7 9. h4 O-O 10. Rb1 Qe8 11. b4 a6 12. a4 Nd8 13. c5 Be6 14. Nxe6 Qxe6 15. cxd6 cxd6 16. Qb3 Rc8 17. Bd2 d5 18. g3 Nf7 19. a5 Nd6 20. Na4 h6 21. Nc5 Qf7 22. b5 axb5 23. Bxb5 Rc7 24. Be2 Rfc8 25. Bb4 Bf8 26. Kd1 Nc4 27. Rc1 Bxc5 28. Bxc5 Nxa5 29. Qb6 Nd7 30. Qxa5 b6 31. Qa6 bxc5 32. h5 Rc6 33. hxg6 Qxg6 34. Qb7 cxd4 35. Rxc6 Qxc6 36. Qxc6 Rxc6 37. exd4 Kg7 38. Kd2 Rb6 39. Kc3 Nf8 40. Ra1 Ne6 41. Ra4 Kf6 42. Bd1 f4 43. Bb3 fxg3 44. fxg3 Nc7 45. Ba2 Re6 46. Kd2 e3+ 47. Ke1 Nb5 48. Bxd5 Rd6 49. Bc4 Nxd4 50. Bd3 Kg5 51. Kf1 Nb3 52. Be2 Rc6 53. Bd1 Nc1 54. Ra3 Rf6+ 55. Ke1 e2 0-1

[Event "Saint John op-1"]
[Site "Saint John CAN"]
[Date "1988.??.??"]
[Round "?"]
[White "Stone, Raymond"]
[Black "La Rota, Fabio"]
[Result "1/2-1/2"]
[WhiteElo "2415"]
[BlackElo "2295"]
[PlyCount "69"]
[GameId "2160767912583237"]
[EventDate "1988.01.24"]
[EventType "swiss"]
[EventRounds "9"]
[EventCountry "CAN"]
[SourceTitle "CBM 06"]

1. d4 Nf6 2. c4 e6 3. Nf3 d5 4. Nc3 Nbd7 5. Bg5 Bb4 6. e3 c5 7. cxd5 exd5 8. Bd3 Qa5 9. Qc2 c4 10. Bf5 g6 11. Bxd7+ Nxd7 12. O-O O-O 13. e4 Nb6 14. a3 Bxc3 15. bxc3 f6 16. Bh6 Re8 17. e5 Bf5 18. Qd2 Nd7 19. Rfe1 fxe5 20. Nxe5 Nxe5 21. Rxe5 Rxe5 22. dxe5 Re8 23. Qd4 Be6 24. h4 b6 25. h5 Qc5 26. Qh4 Bf5 27. Be3 Qe7 28. Qxe7 Rxe7 29. hxg6 hxg6 30. Bd4 Kf7 31. f3 Ke6 32. g4 Bd3 33. Kg2 Rh7 34. Rh1 Rxh1 35. Kxh1 1/2-1/2

[Event "Saint John op-1"]
[Site "Saint John CAN"]
[Date "1988.??.??"]
[Round "?"]
[White "Stone, Raymond"]
[Black "Russek Libni, Guil"]
[Result "0-1"]
[WhiteElo "2415"]
[BlackElo "2305"]
[PlyCount "78"]
[GameId "2160767912583239"]
[EventDate "1988.01.24"]
[EventType "swiss"]
[EventRounds "9"]
[EventCountry "CAN"]
[SourceTitle "CBM 006"]
[Source "ChessBase"]
[SourceDate "2004.01.01"]
[SourceVersion "1"]
[SourceVersionDate "2004.01.01"]
[SourceQuality "1"]

1. d4 e6 2. c4 d5 3. Nc3 Nf6 4. Bg5 Nbd7 5. e3 c6 6. Nf3 Qa5 7. Nd2 dxc4 8. Bxf6 Nxf6 9. Nxc4 Qc7 10. Be2 Bd7 11. O-O c5 12. Rc1 cxd4 13. exd4 Bd6 14. Nxd6+ Qxd6 15. Nb5 Bxb5 16. Bxb5+ Ke7 17. Qf3 Rab8 18. Rc5 Rhd8 19. Rfc1 Qxd4 20. Qa3 Qd6 21. Qxa7 Nd5 22. Qa4 Kf8 23. g3 Ra8 24. Qb3 Qb6 25. a4 g6 26. Qf3 Kg7 27. b3 Rd6 28. Bf1 Rad8 29. Rb5 Qa7 30. Rd1 b6 31. Bc4 Ne7 32. Rxd6 Rxd6 33. a5 bxa5 34. Rb7 Qa8 35. Bd5 exd5 36. Rxe7 Rf6 37. Qc3 Qd8 38. Ra7 Qb6 39. Qe3 d4 0-1

[Event "Saint John op-1"]
[Site "Saint John CAN"]
[Date "1988.??.??"]
[Round "?"]
[White "Suba, Mihai"]
[Black "Groszpeter, Attila"]
[Result "1/2-1/2"]
[WhiteElo "2550"]
[BlackElo "2495"]
[PlyCount "95"]
[GameId "2160767912583242"]
[EventDate "1988.01.24"]
[EventType "swiss"]
[EventRounds "9"]
[EventCountry "CAN"]
[SourceTitle "CBM 06"]

1. Nf3 Nf6 2. c4 e6 3. g3 a6 4. Bg2 b5 5. O-O bxc4 6. Qa4 Bb7 7. Na3 Bc6 8. Qxc4 Bxa3 9. bxa3 Bb5 10. Qc2 Bxe2 11. Re1 Bxf3 12. Bxf3 d5 13. a4 O-O 14. Ba3 Re8 15. Rab1 Nbd7 16. Qc6 Nb6 17. d3 Qd7 18. Rec1 Qxc6 19. Rxc6 Nxa4 20. Bd1 Nb6 21. Rxc7 Rec8 22. Rxc8+ Nxc8 23. Rb7 Na7 24. Bb2 Ne8 25. h4 Nb5 26. h5 h6 27. f4 Rc8 28. Kf2 d4 29. Bb3 Nf6 30. Rb6 Nd5 31. Rxa6 Nb4 32. Rb6 Nxd3+ 33. Ke2 Nxb2 34. Rxb5 Rc3 35. Rb8+ Kh7 36. Rd8 Nc4 37. Rxd4 Na5 38. Rd3 Rc5 39. g4 Nxb3 40. axb3 g5 41. hxg6+ fxg6 42. b4 Rc4 43. Rb3 Rxf4 44. b5 Rd4 45. b6 Rd8 46. b7 Rb8 47. Ke3 Kg7 48. Rb4 1/2-1/2

[Event "Saint John op-1"]
[Site "Saint John CAN"]
[Date "1988.??.??"]
[Round "?"]
[White "Suba, Mihai"]
[Black "Ivanovic, Bozidar"]
[Result "1-0"]
[WhiteElo "2550"]
[BlackElo "2530"]
[PlyCount "87"]
[GameId "2160767912583243"]
[EventDate "1988.01.24"]
[EventType "swiss"]
[EventRounds "9"]
[EventCountry "CAN"]
[SourceTitle "CBM 06"]

1. Nf3 Nf6 2. c4 d6 3. d4 Nbd7 4. Nc3 c6 5. e4 e5 6. Be2 Be7 7. O-O O-O 8. Rb1 Re8 9. d5 cxd5 10. cxd5 a6 11. Nd2 b5 12. b4 Nb6 13. a4 bxa4 14. Nxa4 Nxa4 15. Qxa4 Bd7 16. Qb3 Qb8 17. Qe3 Rc8 18. Nc4 Bd8 19. Bd2 h6 20. Rfc1 Bb5 21. g3 Bd7 22. Kg2 Bb5 23. f3 Ra7 24. Bd3 Rb7 25. Na3 Rxc1 26. Rxc1 Ne8 27. Nxb5 axb5 28. Qe2 Nc7 29. Rc6 Rb6 30. Rc2 Ra6 31. f4 Bf6 32. Qg4 Ra3 33. Be2 Qd8 34. fxe5 Bxe5 35. Bxh6 Rc3 36. Bg5 Qe8 37. Ra2 Bd4 38. Bd2 Rb3 39. Rc2 Qe7 40. Bxb5 Rb1 41. Bd3 g6 42. Bg5 f6 43. Bc1 Kf7 44. e5 1-0

[Event "Saint John op-1"]
[Site "Saint John CAN"]
[Date "1988.??.??"]
[Round "?"]
[White "Taylor, Gordon"]
[Black "La Rota, Fabio"]
[Result "0-1"]
[WhiteElo "2335"]
[BlackElo "2295"]
[PlyCount "128"]
[GameId "2160767912583244"]
[EventDate "1988.01.24"]
[EventType "swiss"]
[EventRounds "9"]
[EventCountry "CAN"]
[SourceTitle "CBM 06"]

1. d4 Nf6 2. c4 e5 3. dxe5 Ng4 4. Bf4 Nc6 5. Nf3 Bb4+ 6. Nbd2 Qe7 7. a3 Ngxe5 8. Nxe5 Nxe5 9. e3 Bxd2+ 10. Qxd2 d6 11. Be2 O-O 12. O-O Re8 13. Rac1 Bf5 14. Bg3 a5 15. h3 h6 16. Rfe1 Be4 17. f3 Bc6 18. e4 Qf8 19. b4 b6 20. Qc3 Nd7 21. Bf2 Kh8 22. Bd3 f6 23. Bb1 Qf7 24. Red1 axb4 25. axb4 Nf8 26. Rd2 Qh5 27. Bg3 Nd7 28. Re1 Ra7 29. Ra2 Rxa2 30. Bxa2 Ra8 31. Bb1 Qf7 32. f4 Re8 33. Qd3 f5 34. exf5 Nf6 35. Qd4 Rxe1+ 36. Bxe1 Qe8 37. Bc3 Qe2 38. Qd2 Qxc4 39. Bd3 Qd5 40. Bxf6 gxf6 41. Qb2 Kg7 42. Bf1 Bb7 43. Qc3 c5 44. Qg3+ Kf8 45. Qg6 Qd4+ 46. Kh1 Bd5 47. bxc5 dxc5 48. Qxh6+ Ke7 49. h4 c4 50. Qg7+ Bf7 51. Qg3 c3 52. Bd3 Kf8 53. Qf3 Kg7 54. Kh2 b5 55. h5 b4 56. g4 b3 57. g5 fxg5 58. fxg5 Qh4+ 59. Kg2 Qxg5+ 60. Kf1 c2 61. Bxc2 Qc1+ 62. Bd1 b2 63. f6+ Kh6 64. Qg4 Qc4+ 0-1

[Event "Saint John op-1"]
[Site "Saint John CAN"]
[Date "1988.??.??"]
[Round "?"]
[White "Taylor, Gordon"]
[Black "Minaya, Juan"]
[Result "1/2-1/2"]
[WhiteElo "2335"]
[BlackElo "2305"]
[PlyCount "87"]
[GameId "2160767912583245"]
[EventDate "1988.01.24"]
[EventType "swiss"]
[EventRounds "9"]
[EventCountry "CAN"]
[SourceTitle "CBM 006"]
[Source "ChessBase"]
[SourceDate "2004.01.01"]
[SourceVersion "1"]
[SourceVersionDate "2004.01.01"]
[SourceQuality "1"]

1. e4 e5 2. Nf3 Nc6 3. Bb5 a6 4. Ba4 d6 5. Bxc6+ bxc6 6. d4 exd4 7. Nxd4 c5 8. Nc6 Qd7 9. Na5 g6 10. Bd2 Bg7 11. Bc3 f6 12. O-O Qf7 13. Qd3 Ne7 14. Nd2 O-O 15. Rae1 Bd7 16. b3 Nc6 17. Nxc6 Bxc6 18. a4 Rfe8 19. f3 Bd7 20. Nc4 f5 21. Ne3 Be5 22. exf5 Bxc3 23. Qxc3 Bxf5 24. Rd1 Be6 25. f4 Qg7 26. Qd3 Kh8 27. Rf3 Re7 28. Qf1 Bf5 29. Nxf5 gxf5 30. Qd3 Qf6 31. Re3 Rae8 32. Rxe7 Qxe7 33. Qc3+ Kg8 34. Qg3+ Kf8 35. Qd3 Qe3+ 36. Qxe3 Rxe3 37. Rd5 Rc3 38. Rxf5+ Kg7 39. Rg5+ Kf7 40. Rf5+ Kg7 41. Rg5+ Kf7 42. Rh5 Kg7 43. f5 Rxc2 44. Rg5+ 1/2-1/2

[Event "Saint John op-1"]
[Site "Saint John CAN"]
[Date "1988.??.??"]
[Round "?"]
[White "Tolnai, Tibor"]
[Black "La Rota, Fabio"]
[Result "1-0"]
[WhiteElo "2465"]
[BlackElo "2295"]
[PlyCount "63"]
[GameId "2160767912583248"]
[EventDate "1988.01.24"]
[EventType "swiss"]
[EventRounds "9"]
[EventCountry "CAN"]
[SourceTitle "CBM 06"]

1. e4 c6 2. d4 d5 3. Nc3 dxe4 4. Nxe4 Nf6 5. Nxf6+ exf6 6. c3 Bd6 7. Bd3 O-O 8. Qc2 h6 9. Ne2 Qc7 10. Be3 Rd8 11. Ng3 c5 12. dxc5 Bxc5 13. Bxc5 Qxc5 14. O-O-O Nc6 15. Ne4 Qa5 16. Bc4 Bf5 17. f4 Rac8 18. g4 Nd4 19. Rxd4 Rxd4 20. cxd4 Bxe4 21. Qxe4 Qxa2 22. Qe8+ Rxe8 23. Bxa2 Re4 24. d5 Kf8 25. d6 Ke8 26. Rf1 Kd7 27. Bxf7 Kxd6 28. Kd2 Kc5 29. Kd3 Re7 30. Rc1+ Kb4 31. Rc4+ Kb3 32. Rc7+ 1-0

[Event "Saint John op-1"]
[Site "Saint John CAN"]
[Date "1988.??.??"]
[Round "?"]
[White "Tolnai, Tibor"]
[Black "Savereide, Diane"]
[Result "1-0"]
[WhiteElo "2465"]
[BlackElo "2250"]
[PlyCount "43"]
[GameId "2160767912583249"]
[EventDate "1988.01.24"]
[EventType "swiss"]
[EventRounds "9"]
[EventCountry "CAN"]
[SourceTitle "CBM 06"]

1. e4 c5 2. Nf3 e6 3. d4 cxd4 4. Nxd4 Nf6 5. Nc3 d6 6. g4 a6 7. g5 Nfd7 8. Be3 b5 9. f4 Nb6 10. a3 N8d7 11. f5 Nc5 12. fxe6 fxe6 13. Qf3 e5 14. Nc6 Qc7 15. Nb4 Be6 16. O-O-O Nc4 17. Nbd5 Qf7 18. Qxf7+ Kxf7 19. Bxc4 bxc4 20. Bxc5 dxc5 21. Rhf1+ Kg6 22. Nc7 1-0

[Event "Saint John op-1"]
[Site "Saint John CAN"]
[Date "1988.??.??"]
[Round "?"]
[White "Torre, Eugenio"]
[Black "Barlov, Dragan"]
[Result "1/2-1/2"]
[WhiteElo "2545"]
[BlackElo "2520"]
[PlyCount "111"]
[GameId "2160767912583250"]
[EventDate "1988.01.24"]
[EventType "swiss"]
[EventRounds "9"]
[EventCountry "CAN"]
[SourceTitle "CBM 06"]

1. e4 c5 2. Nf3 e6 3. d3 Nc6 4. g3 d5 5. Nbd2 Bd6 6. Bg2 Nge7 7. O-O O-O 8. Re1 Bc7 9. c3 b6 10. Nf1 dxe4 11. dxe4 Qxd1 12. Rxd1 Ba6 13. Ne1 Rad8 14. Rxd8 Rxd8 15. f4 f6 16. Be3 Na5 17. b3 Kf7 18. Bf3 Bb7 19. Kf2 f5 20. exf5 exf5 21. c4 Bc6 22. Bd2 Nb7 23. Bc3 Nd6 24. Bxc6 Nxc6 25. Nd2 h6 26. Nef3 Nb7 27. Re1 Rd7 28. Nh4 Nb4 29. Bxb4 cxb4 30. Ke2 g6 31. Ng2 Nc5 32. Ne3 Re7 33. Kd1 Nd3 34. Re2 Nf2+ 35. Rxf2 Rxe3 36. Re2 Rd3 37. Rf2 Kf6 38. Rf3 Rxf3 39. Nxf3 g5 40. fxg5+ hxg5 41. Ne1 g4 42. Nd3 a5 43. Ke2 Ke6 44. Ke3 Bd8 45. Nf4+ Kd6 46. h3 gxh3 47. Nxh3 Ke5 48. Ng1 Bg5+ 49. Kd3 Be7 50. Nf3+ Ke6 51. Ke2 Bd6 52. Kf2 Kf6 53. Kg2 Kg6 54. Kh3 Kh5 55. Kg2 Kg4 56. Nh2+ 1/2-1/2

[Event "Saint John op-1"]
[Site "Saint John CAN"]
[Date "1988.??.??"]
[Round "?"]
[White "Torre, Eugenio"]
[Black "Ilic, Zoran S"]
[Result "1-0"]
[WhiteElo "2545"]
[BlackElo "2360"]
[PlyCount "87"]
[GameId "2160767912583251"]
[EventDate "1988.01.24"]
[EventType "swiss"]
[EventRounds "9"]
[EventCountry "CAN"]
[SourceTitle "CBM 006"]
[Source "ChessBase"]
[SourceDate "2004.01.01"]
[SourceVersion "1"]
[SourceVersionDate "2004.01.01"]
[SourceQuality "1"]

1. e4 c5 2. Nf3 Nc6 3. Bb5 d6 4. O-O Bd7 5. Re1 Nf6 6. h3 a6 7. Bf1 g6 8. c3 Bg7 9. d4 cxd4 10. cxd4 O-O 11. Nc3 b5 12. Bg5 h6 13. Bh4 g5 14. Bg3 b4 15. Nd5 Nh5 16. Bh2 e6 17. Ne3 Nf4 18. Qd2 Qb8 19. Nc4 Rd8 20. h4 e5 21. hxg5 hxg5 22. Nxg5 Ng6 23. Nf3 Bg4 24. d5 Nce7 25. Be2 a5 26. Qg5 Bd7 27. Nh4 f6 28. Qg3 Nxh4 29. Qxh4 Kf8 30. Bg4 Bxg4 31. Qxg4 Qc8 32. Qxc8 Nxc8 33. f3 Bh6 34. Kf1 Ra6 35. Bg1 Ke7 36. Be3 Bxe3 37. Nxe3 Rh8 38. Kf2 Nb6 39. Rac1 Kd7 40. Rc6 Rha8 41. Rh1 Nc8 42. Rh7+ Kd8 43. Rh8+ Kd7 44. Rhxc8 1-0

[Event "Saint John op-1"]
[Site "Saint John CAN"]
[Date "1988.??.??"]
[Round "?"]
[White "Torre, Eugenio"]
[Black "Lalic, Bogdan"]
[Result "1/2-1/2"]
[WhiteElo "2545"]
[BlackElo "2495"]
[PlyCount "60"]
[GameId "2160767912583252"]
[EventDate "1988.01.24"]
[EventType "swiss"]
[EventRounds "9"]
[EventCountry "CAN"]
[SourceTitle "CBM 06"]

1. d4 Nf6 2. Nf3 d5 3. c4 e6 4. Nc3 Be7 5. Bg5 h6 6. Bh4 O-O 7. e3 b6 8. Be2 Bb7 9. Bxf6 Bxf6 10. cxd5 exd5 11. O-O Re8 12. b4 c6 13. Qb3 Qd6 14. Ne1 Nd7 15. Nd3 a5 16. a3 axb4 17. axb4 b5 18. Bg4 Nb6 19. Nc5 Qc7 20. Rfd1 Reb8 21. Rxa8 Rxa8 22. e4 dxe4 23. N3xe4 Be7 24. Bh5 Bf8 25. Nc3 Re8 26. Bf3 Bc8 27. h3 Bf5 28. d5 Nxd5 29. Bxd5 cxd5 30. Nxd5 Qe5 1/2-1/2

[Event "Saint John op-1"]
[Site "Saint John CAN"]
[Date "1988.??.??"]
[Round "?"]
[White "Torre, Eugenio"]
[Black "Rodriguez, Daniel Mauricio"]
[Result "1-0"]
[WhiteElo "2545"]
[BlackElo "2465"]
[PlyCount "61"]
[GameId "2160767912583253"]
[EventDate "1988.01.24"]
[EventType "swiss"]
[EventRounds "9"]
[EventCountry "CAN"]
[SourceTitle "CBM 006"]
[Source "ChessBase"]
[SourceDate "2004.01.01"]
[SourceVersion "1"]
[SourceVersionDate "2004.01.01"]
[SourceQuality "1"]

1. e4 e5 2. Bc4 Nf6 3. d3 c6 4. Nf3 Qc7 5. O-O Be7 6. Re1 O-O 7. Bb3 a5 8. c3 b5 9. a4 b4 10. Nbd2 Na6 11. Nc4 d6 12. d4 Nd7 13. Ne3 Bf6 14. Ng4 Be7 15. Bg5 Re8 16. Ne3 Nf6 17. Nc4 Bg4 18. dxe5 Bxf3 19. Qxf3 dxe5 20. cxb4 axb4 21. Ne3 Nc5 22. Nf5 Nxb3 23. Qxb3 Rab8 24. Rac1 Rec8 25. Rxc6 Qa7 26. Bxf6 gxf6 27. Qg3+ Kf8 28. Qg7+ Ke8 29. Qg8+ Kd7 30. Rd6+ Kc7 31. Qxf7 1-0

[Event "Saint John op-1"]
[Site "Saint John CAN"]
[Date "1988.??.??"]
[Round "?"]
[White "Toshkov, Tihomir"]
[Black "Chernin, Alexander"]
[Result "0-1"]
[WhiteElo "2395"]
[BlackElo "2560"]
[PlyCount "76"]
[GameId "2160767912583254"]
[EventDate "1988.01.24"]
[EventType "swiss"]
[EventRounds "9"]
[EventCountry "CAN"]
[SourceTitle "CBM 06"]

1. e4 e6 2. d4 d5 3. Nc3 Bb4 4. a3 Bxc3+ 5. bxc3 Ne7 6. Bd3 c5 7. Nf3 c4 8. Be2 Qa5 9. O-O Nbc6 10. Bd2 f6 11. Nh4 O-O 12. g3 Kh8 13. Re1 e5 14. Bf1 Be6 15. exd5 Bxd5 16. Ng2 Nf5 17. g4 Nd6 18. Ne3 Bf7 19. Bg2 Rad8 20. a4 Rfe8 21. Ra3 Qb6 22. g5 fxg5 23. a5 Qb5 24. Qa1 exd4 25. cxd4 Ne4 26. Rb1 Qa6 27. Be1 Nxd4 28. Qb2 Nc5 29. Kh1 Qg6 30. Bc3 Ne2 31. Be1 Nf4 32. Bf3 Be6 33. Bb4 Ne4 34. Be1 g4 35. Bg2 Nxg2 36. Nxg2 Bd5 37. Ne3 Ng5+ 38. f3 Rxe3 0-1

[Event "Saint John op-1"]
[Site "Saint John CAN"]
[Date "1988.??.??"]
[Round "?"]
[White "Toshkov, Tihomir"]
[Black "Kuczynski, Robert"]
[Result "1-0"]
[WhiteElo "2395"]
[BlackElo "2485"]
[PlyCount "93"]
[GameId "2160767912583255"]
[EventDate "1988.01.24"]
[EventType "swiss"]
[EventRounds "9"]
[EventCountry "CAN"]
[SourceTitle "CBM 06"]

1. d4 c5 2. d5 f5 3. e4 fxe4 4. Nc3 Nf6 5. g4 h6 6. Bg2 e5 7. h4 d6 8. g5 Bg4 9. Nge2 hxg5 10. hxg5 Rxh1+ 11. Bxh1 Ng8 12. Bxe4 Be7 13. Bg6+ Kd7 14. Qd3 Qf8 15. Ng3 Qf3 16. Bf5+ Kc7 17. Nb5+ Kb6 18. a4 Qxd3 19. Bxd3 a5 20. Bf5 Bf3 21. Be6 Na6 22. Ra3 e4 23. Be3 Nc7 24. Rb3 Nxb5 25. Rxb5+ Kc7 26. Nf5 g6 27. Nh4 Bh5 28. Bf7 Rf8 29. Bxg6 Bxg6 30. Nxg6 Rf5 31. Nf4 Kc8 32. Rxa5 Rxg5 33. Ra8+ Kd7 34. Ne2 Rg4 35. a5 Kc7 36. c4 Nf6 37. b4 cxb4 38. Bb6+ Kd7 39. Rb8 b3 40. Rxb7+ Kc8 41. a6 b2 42. Bd4 Rh4 43. Rxb2 Nd7 44. a7 Rh1+ 45. Kd2 Bg5+ 46. Kc2 Ra1 47. Rb8+ 1-0

[Event "Saint John op-1"]
[Site "Saint John CAN"]
[Date "1988.??.??"]
[Round "?"]
[White "Toshkov, Tihomir"]
[Black "Lputian, Smbat G"]
[Result "0-1"]
[WhiteElo "2395"]
[BlackElo "2555"]
[PlyCount "48"]
[GameId "2160767912583256"]
[EventDate "1988.01.24"]
[EventType "swiss"]
[EventRounds "9"]
[EventCountry "CAN"]
[SourceTitle "CBM 006"]
[Source "ChessBase"]
[SourceDate "2004.01.01"]
[SourceVersion "1"]
[SourceVersionDate "2004.01.01"]
[SourceQuality "1"]

1. Nf3 Nf6 2. c4 g6 3. Nc3 d5 4. cxd5 Nxd5 5. Qa4+ Bd7 6. Qh4 Bc6 7. Qd4 f6 8. e4 e5 9. Qd3 Nxc3 10. dxc3 Nd7 11. b4 b5 12. a4 a6 13. axb5 axb5 14. Rxa8 Qxa8 15. Be2 Be7 16. O-O O-O 17. Nd2 Rd8 18. Qh3 Nf8 19. f4 Qa7+ 20. Kh1 exf4 21. Nb3 Qa2 22. Nd4 Rxd4 23. cxd4 Qxe2 24. Qf3 Qxe4 0-1

[Event "Saint John op-1"]
[Site "Saint John CAN"]
[Date "1988.??.??"]
[Round "?"]
[White "Velikov, Petar"]
[Black "Andonov, Bogomil"]
[Result "1/2-1/2"]
[WhiteElo "2475"]
[BlackElo "2420"]
[PlyCount "24"]
[GameId "2160767912583258"]
[EventDate "1988.01.24"]
[EventType "swiss"]
[EventRounds "9"]
[EventCountry "CAN"]
[SourceTitle "CBM 06"]

1. e4 e5 2. Nf3 Nc6 3. Bb5 a6 4. Bxc6 dxc6 5. O-O Qd6 6. d4 exd4 7. Nxd4 Bd7 8. Be3 O-O-O 9. Nd2 g6 10. Qe2 Bg7 11. c3 Nf6 12. f3 Rhe8 1/2-1/2

[Event "Saint John op-1"]
[Site "Saint John CAN"]
[Date "1988.??.??"]
[Round "?"]
[White "Velikov, Petar"]
[Black "Dlugy, Maxim"]
[Result "1/2-1/2"]
[WhiteElo "2475"]
[BlackElo "2550"]
[PlyCount "33"]
[GameId "2160767912583259"]
[EventDate "1988.01.24"]
[EventType "swiss"]
[EventRounds "9"]
[EventCountry "CAN"]
[SourceTitle "CBM 06"]

1. Nf3 c5 2. c4 Nf6 3. g3 d5 4. cxd5 Nxd5 5. d4 g6 6. Bg2 Bg7 7. O-O O-O 8. dxc5 Na6 9. Ng5 Ndb4 10. Nc3 Qxd1 11. Rxd1 h6 12. Nf3 Nxc5 13. Be3 Ne6 14. Rd2 Rd8 15. Rad1 Rxd2 16. Rxd2 Nc6 17. Nd5 1/2-1/2

[Event "Saint John op-1"]
[Site "Saint John CAN"]
[Date "1988.??.??"]
[Round "?"]
[White "Vidarsson, Jon"]
[Black "Georgiev, Krum"]
[Result "0-1"]
[WhiteElo "2305"]
[BlackElo "2490"]
[PlyCount "108"]
[GameId "2160767912583263"]
[EventDate "1988.01.24"]
[EventType "swiss"]
[EventRounds "9"]
[EventCountry "CAN"]
[SourceTitle "CBM 006"]
[Source "ChessBase"]
[SourceDate "2004.01.01"]
[SourceVersion "1"]
[SourceVersionDate "2004.01.01"]
[SourceQuality "1"]

1. e4 c5 2. Nf3 d6 3. c3 Nf6 4. Be2 Nbd7 5. Qc2 Qc7 6. d3 e6 7. O-O Be7 8. Bg5 b6 9. Nbd2 Bb7 10. Rac1 O-O 11. Qb1 d5 12. exd5 Bxd5 13. d4 cxd4 14. cxd4 Qb7 15. a3 Rac8 16. Rxc8 Rxc8 17. Rc1 Bd6 18. Bh4 Bf4 19. Bg3 Bh6 20. Rc2 Nh5 21. Qc1 Rxc2 22. Qxc2 Nxg3 23. hxg3 Qc6 24. Qxc6 Bxc6 25. b3 Nf6 26. Bd3 Bd5 27. Bc4 Bb7 28. Kf1 g6 29. Ke2 Bf8 30. a4 h5 31. Nf1 Bh6 32. N1d2 Kf8 33. Ne1 Ke7 34. f3 Ne8 35. Bd3 Nd6 36. Nc4 Bd5 37. Nxd6 Kxd6 38. Bc4 Bxc4+ 39. bxc4 e5 40. d5 Kc5 41. Kd3 f5 42. Nc2 Bg5 43. Na3 a6 44. Nb1 Be7 45. Kc3 Bf6 46. Kd3 Kb4 47. d6 Kc5 48. d7 Kc6 49. Nc3 Kxd7 50. Nd5 Bd8 51. Nb4 Be7 52. Nxa6 Kc6 53. c5 bxc5 54. Kc4 Bd6 0-1